000
00215nam a22000857a 4500
008
170127b xxu||||| |||| 00| 0 eng d
100
_9
2599
_a
Tayal.B.B.etal.
245
_a
Social Science-8
260
_a
New Delhi
_b
Arya
_c
2008
999
_c
5737
_d
5737